[Event "Bogota Independence 200"]
[Site "Bogota"]
[Date "2010.07.11"]
[Round "2"]
[White "Delgado Ramirez, Neuris"]
[Black "Bachmann, Axel"]
[Result "1-0"]
[WhiteElo "2575"]
[BlackElo "2552"]
[PlyCount "170"]
[EventDate "2010.07.10"]
[EventType "tourn"]
[EventRounds "11"]
[EventCountry "COL"]
[EventCategory "12"]
[SourceTitle "CBM 137 Extra"]
[Source "ChessBase"]
[SourceDate "2010.09.01"]
[SourceVersion "1"]
[SourceVersionDate "2010.09.01"]
[SourceQuality "1"]

1. e4 g6 2. d4 Bg7 3. Nc3 d6 4. Be3 Nf6 5. h3 c6 6. g4 O-O 7. Bg2 e5 8. Nge2
Re8 9. O-O Nbd7 10. a4 h5 11. f3 hxg4 12. hxg4 d5 13. exd5 Nxd5 14. Nxd5 cxd5
15. Nc3 exd4 16. Bxd4 Ne5 17. b3 Be6 18. Qd2 Nc6 19. Bxg7 Kxg7 20. Ne2 Qb6+ 21.
Rf2 Rad8 22. a5 Qc5 23. Nf4 d4 24. Nd3 Qd6 25. Qf4 Qd7 26. a6 b6 27. Rd1 Bd5
28. Nb4 Re6 29. Qd2 Rd6 30. Bf1 Rh8 31. Bg2 Re8 32. Nd3 Kg8 33. Nf4 Re3 34. Re1
Rxe1+ 35. Qxe1 d3 36. c4 Be6 37. Rd2 Nb4 38. Bf1 Nxa6 39. Qe5 Qc7 40. Nxd3 Rd7
41. Qf6 Qd6 42. Rh2 Qd4+ 43. Qxd4 Rxd4 44. Ra2 Bc8 45. Kf2 Rd7 46. Ke3 Rc7 47.
Kd4 Nb8 48. Nf4 Nc6+ 49. Kc3 Ne7 50. g5 Kg7 51. Bd3 a5 52. Be4 f6 53. Rg2 b5
54. gxf6+ Kxf6 55. Rxg6+ Nxg6 56. Nd5+ Ke5 57. Nxc7 b4+ 58. Kd2 Nf4 59. Nd5
Nxd5 60. Bxd5 Kd4 61. Be4 Bd7 62. Bc2 a4 63. bxa4 Kxc4 64. Bd3+ Kd4 65. a5 Bc6
66. f4 b3 67. f5 Bd5 68. a6 Kc5 69. f6 Kb6 70. Kc3 Bf7 71. Be2 Ka7 72. Bd1 b2
73. Kxb2 Kxa6 74. Kc3 Kb6 75. Bb3 Bg6 76. Kd4 Kc6 77. Ke5 Kd7 78. Ba4+ Kd8 79.
Kf4 Be8 80. Bb3 Kd7 81. Kg5 Kd6 82. Kh6 Ke5 83. Kg7 Bh5 84. Bd1 Be8 85. Bc2 Kf4
1-0

[Event "Bogota Independence 200"]
[Site "Bogota"]
[Date "2010.07.12"]
[Round "3"]
[White "Becerra Rivero, Julio"]
[Black "Delgado Ramirez, Neuris"]
[Result "1/2-1/2"]
[WhiteElo "2557"]
[BlackElo "2575"]
[PlyCount "102"]
[EventDate "2010.07.10"]
[EventType "tourn"]
[EventRounds "11"]
[EventCountry "COL"]
[EventCategory "12"]
[SourceTitle "CBM 137 Extra"]
[Source "ChessBase"]
[SourceDate "2010.09.01"]
[SourceVersion "1"]
[SourceVersionDate "2010.09.01"]
[SourceQuality "1"]

1. e4 c5 2. Nf3 d6 3. d4 cxd4 4. Nxd4 Nf6 5. Nc3 Nc6 6. Bg5 e6 7. Qd2 a6 8.
O-O-O Bd7 9. f4 Be7 10. Nf3 b5 11. Bd3 h6 12. Bh4 g5 13. fxg5 Ng4 14. Rdf1 Nge5
15. Kb1 Nxf3 16. gxf3 hxg5 17. Bg3 Qa5 18. Be1 Ne5 19. h4 gxh4 20. f4 Nxd3 21.
cxd3 b4 22. Ne2 d5 23. e5 d4 24. Nxd4 Qd5 25. Bf2 a5 26. Rh2 a4 27. Rc1 b3 28.
a3 Rc8 29. Ne2 Rxc1+ 30. Kxc1 Bb5 31. Nc3 Qc6 32. d4 Bc4 33. f5 h3 34. Qe3 Bf1
35. fxe6 fxe6 36. d5 exd5 37. e6 Rg8 38. Qe5 Qd6 39. Qh5+ Kd8 40. Be3 Qxh2 41.
Qxd5+ Bd6 42. Qa8+ Ke7 43. Nd5+ Kxe6 44. Qxg8+ Kf5 45. Qh7+ Ke6 46. Qg8+ Kf5
47. Qf7+ Ke4 48. Nf6+ Kf5 49. Nd5+ Ke4 50. Bd2 Bg2 51. Nc3+ Kd4 1/2-1/2

[Event "Bogota Independence 200"]
[Site "Bogota"]
[Date "2010.07.13"]
[Round "4"]
[White "Delgado Ramirez, Neuris"]
[Black "Zambrana, Oswaldo"]
[Result "1/2-1/2"]
[WhiteElo "2575"]
[BlackElo "2515"]
[PlyCount "92"]
[EventDate "2010.07.10"]
[EventType "tourn"]
[EventRounds "11"]
[EventCountry "COL"]
[EventCategory "12"]
[SourceTitle "CBM 137 Extra"]
[Source "ChessBase"]
[SourceDate "2010.09.01"]
[SourceVersion "1"]
[SourceVersionDate "2010.09.01"]
[SourceQuality "1"]

1. e4 c5 2. Nf3 e6 3. d4 cxd4 4. Nxd4 Nc6 5. Nc3 Qc7 6. f4 a6 7. Be3 Bb4 8. Bd3
Nf6 9. Qd2 d6 10. a3 Bc5 11. Nb3 Bxe3 12. Qxe3 b5 13. O-O-O O-O 14. Rhe1 b4 15.
axb4 Nxb4 16. e5 Nfd5 17. Nxd5 Nxd5 18. Qe4 g6 19. Qc4 Qb8 20. h4 Bd7 21. Qd4
Rc8 22. Nd2 Qb4 23. Re4 Qxd4 24. Rxd4 dxe5 25. fxe5 Bb5 26. Be4 Nf4 27. Kb1
Rab8 28. Bf3 Ne2 29. Bxe2 Bxe2 30. Re1 Bb5 31. Ne4 Rd8 32. Nd6 h5 33. g4 hxg4
34. Rxg4 Bc6 35. Rf1 Rxd6 36. exd6 Rd8 37. h5 Rxd6 38. Rf6 Kg7 39. Rgf4 Rd1+
40. Ka2 Bd5+ 41. b3 e5 42. Rf2 gxh5 43. R6f5 Re1 44. Rxh5 Kg6 45. Rhf5 Be6 46.
Rf6+ Kg5 1/2-1/2

[Event "Bogota Independence 200"]
[Site "Bogota"]
[Date "2010.07.14"]
[Round "5"]
[White "Barrientos Chavarriaga, Sergio E"]
[Black "Delgado Ramirez, Neuris"]
[Result "1/2-1/2"]
[WhiteElo "2477"]
[BlackElo "2575"]
[PlyCount "98"]
[EventDate "2010.07.10"]
[EventType "tourn"]
[EventRounds "11"]
[EventCountry "COL"]
[EventCategory "12"]
[SourceTitle "CBM 137 Extra"]
[Source "ChessBase"]
[SourceDate "2010.09.01"]
[SourceVersion "1"]
[SourceVersionDate "2010.09.01"]
[SourceQuality "1"]

1. e4 c5 2. Nf3 d6 3. d4 cxd4 4. Nxd4 Nf6 5. Nc3 Nc6 6. Bg5 e6 7. Qd2 a6 8.
O-O-O Bd7 9. f4 Be7 10. Nf3 b5 11. Bxf6 gxf6 12. f5 Qb6 13. Kb1 O-O-O 14. a3
Kb8 15. g3 Bc8 16. Bh3 Rhe8 17. Rhf1 Bf8 18. Qf4 Na5 19. fxe6 fxe6 20. Qxf6 Qc7
21. Qg5 Nc4 22. Rd3 Bg7 23. Qh5 Nxa3+ 24. bxa3 Bxc3 25. Nd4 Qc4 26. Nb3 Bb7 27.
Bg2 Be5 28. Rf7 Ba8 29. Rxh7 Rc8 30. Qd1 Rh8 31. Rxh8 Rxh8 32. h4 Rf8 33. Qg1
Qc7 34. Qe1 Rc8 35. Qd2 Qc4 36. Qf2 Qa4 37. Nc1 Bb7 38. Rb3 Qc4 39. Nd3 Bd4 40.
Qd2 e5 41. g4 Be3 42. Qe2 Qd4 43. Nb2 Bf4 44. Rd3 Qg1+ 45. Rd1 Qc5 46. Rd3 Qg1+
47. Rd1 Qc5 48. Rd3 Qg1+ 49. Nd1 Rc4 1/2-1/2

[Event "Bogota Independence 200"]
[Site "Bogota"]
[Date "2010.07.15"]
[Round "6"]
[White "Delgado Ramirez, Neuris"]
[Black "Flores, Diego"]
[Result "1/2-1/2"]
[WhiteElo "2575"]
[BlackElo "2584"]
[PlyCount "99"]
[EventDate "2010.07.10"]
[EventType "tourn"]
[EventRounds "11"]
[EventCountry "COL"]
[EventCategory "12"]
[SourceTitle "CBM 137 Extra"]
[Source "ChessBase"]
[SourceDate "2010.09.01"]
[SourceVersion "1"]
[SourceVersionDate "2010.09.01"]
[SourceQuality "1"]

1. e4 c5 2. Nf3 e6 3. Nc3 a6 4. g3 b5 5. Bg2 Bb7 6. d3 d6 7. O-O Nd7 8. Ng5 Be7
9. f4 Bxg5 10. fxg5 Ne7 11. Bf4 Qb6 12. Qh5 O-O 13. Rf2 b4 14. Ne2 d5 15. exd5
Bxd5 16. Bxd5 exd5 17. Raf1 Ng6 18. Qf3 Qe6 19. d4 f6 20. dxc5 Nxc5 21. Nd4 Qd7
22. gxf6 Rxf6 23. Qh5 Re8 24. Bc1 Rxf2 25. Rxf2 Ne4 26. Qf5 Qxf5 27. Rxf5 Ne7
28. Re5 Kf7 29. Re6 Nc5 30. Re5 Ne4 31. b3 Rc8 32. Bb2 Nc6 33. Rf5+ Kg6 34.
Rxd5 Nxd4 35. Bxd4 Rxc2 36. Ra5 Ng5 37. Rxa6+ Kf5 38. Bxg7 Ke4 39. h4 Nf3+ 40.
Kf1 Kf5 41. Bh6 Kg4 42. Bf4 h5 43. Rg6+ Kh3 44. Rb6 Rxa2 45. Rxb4 Rb2 46. Rb5
Kg4 47. b4 Nd4 48. Rb7 Kf3 49. Ke1 Rxb4 50. Rf7 1/2-1/2

[Event "Bogota Independence 200"]
[Site "Bogota"]
[Date "2010.07.16"]
[Round "7"]
[White "Escobar Forero, Alder"]
[Black "Delgado Ramirez, Neuris"]
[Result "0-1"]
[WhiteElo "2474"]
[BlackElo "2575"]
[PlyCount "92"]
[EventDate "2010.07.10"]
[EventType "tourn"]
[EventRounds "11"]
[EventCountry "COL"]
[EventCategory "12"]
[SourceTitle "CBM 137 Extra"]
[Source "ChessBase"]
[SourceDate "2010.09.01"]
[SourceVersion "1"]
[SourceVersionDate "2010.09.01"]
[SourceQuality "1"]

1. e4 c5 2. Nf3 d6 3. d4 cxd4 4. Nxd4 Nf6 5. Nc3 a6 6. g3 e5 7. Nb3 h5 8. Bg5
Be6 9. Bg2 Nbd7 10. a4 Be7 11. h3 Nb6 12. Nd2 Rc8 13. Nf1 Nc4 14. Bc1 Qb6 15.
Rb1 Qc6 16. Ne3 Nxe3 17. Bxe3 Bc4 18. Rc1 Bd8 19. Qf3 Ba5 20. Bd2 O-O 21. b3
Be6 22. Nb1 Bxd2+ 23. Nxd2 d5 24. O-O d4 25. Qd1 Qd6 26. f4 Rc3 27. Nf3 Nxe4
28. fxe5 Qc5 29. Kh2 h4 30. gxh4 Rd8 31. Qe2 Re3 32. Qd1 Qc3 33. Re1 Rd7 34.
Rxe3 Qxe3 35. Qe1 Qf4+ 36. Kg1 Nc3 37. Ra1 Nd5 38. Qf2 Ne3 39. Bh1 Rc7 40. Ne1
Qxe5 41. Nd3 Qf5 42. Qg3 Rxc2 43. Nf4 Qc5 44. Re1 Qc7 45. Qg5 Rc5 46. Qg3 Rc1
0-1

[Event "Bogota Independence 200"]
[Site "Bogota"]
[Date "2010.07.17"]
[Round "8"]
[White "Delgado Ramirez, Neuris"]
[Black "Arenas Vanegas, David"]
[Result "1-0"]
[WhiteElo "2575"]
[BlackElo "2364"]
[PlyCount "47"]
[EventDate "2010.07.10"]
[EventType "tourn"]
[EventRounds "11"]
[EventCountry "COL"]
[EventCategory "12"]
[SourceTitle "CBM 137 Extra"]
[Source "ChessBase"]
[SourceDate "2010.09.01"]
[SourceVersion "1"]
[SourceVersionDate "2010.09.01"]
[SourceQuality "1"]

1. e4 c5 2. Nf3 d6 3. Bc4 Nf6 4. d3 Nc6 5. c3 e6 6. Bb3 d5 7. e5 Nd7 8. d4 Be7
9. O-O O-O 10. Re1 f6 11. exf6 Nxf6 12. Be3 cxd4 13. cxd4 Bd6 14. Nc3 Bd7 15.
Bg5 Qa5 16. Ne5 Be8 17. Nxc6 bxc6 18. Rxe6 Bh5 19. Qe1 Bxh2+ 20. Kh1 Ng4 21. f3
Bf4 22. Bxf4 Rxf4 23. Nxd5 Qxe1+ 24. Rexe1 1-0

[Event "Bogota Independence 200"]
[Site "Bogota"]
[Date "2010.07.18"]
[Round "9"]
[White "Cordova, Emilio"]
[Black "Delgado Ramirez, Neuris"]
[Result "0-1"]
[WhiteElo "2560"]
[BlackElo "2575"]
[PlyCount "75"]
[EventDate "2010.07.10"]
[EventType "tourn"]
[EventRounds "11"]
[EventCountry "COL"]
[EventCategory "12"]
[SourceTitle "CBM 137 Extra"]
[Source "ChessBase"]
[SourceDate "2010.09.01"]
[SourceVersion "1"]
[SourceVersionDate "2010.09.01"]
[SourceQuality "1"]

1. d4 Nf6 2. Nf3 e6 3. g3 b5 4. Bg2 Bb7 5. O-O c5 6. c3 Be7 7. Nbd2 cxd4 8.
cxd4 O-O 9. Re1 d5 10. Ne5 Nbd7 11. Ndf3 Rc8 12. Qd3 b4 13. a3 bxa3 14. bxa3
Ne4 15. Qb5 Nb6 16. a4 f6 17. a5 fxe5 18. axb6 a6 19. Qb2 exd4 20. Nxd4 Bc5 21.
Be3 Qf6 22. Bxe4 dxe4 23. Rac1 Rfd8 24. Rxc5 Rxc5 25. Qb4 Rcd5 26. Nc2 Rb5 27.
Qa3 h6 28. Rc1 Rf5 29. Rf1 Rh5 30. Qa1 Qf5 31. h4 Rxh4 32. Rd1 Rxd1+ 33. Qxd1
Rh5 34. Qf1 a5 35. Nd4 Qd5 36. Qc1 a4 37. Kg2 e5 38. Nf5 0-1

[Event "Bogota Independence 200"]
[Site "Bogota"]
[Date "2010.07.19"]
[Round "10"]
[White "Delgado Ramirez, Neuris"]
[Black "Romero Holmes, Alfonso"]
[Result "1-0"]
[WhiteElo "2575"]
[BlackElo "2518"]
[PlyCount "64"]
[EventDate "2010.07.10"]
[EventType "tourn"]
[EventRounds "11"]
[EventCountry "COL"]
[EventCategory "12"]
[SourceTitle "CBM 137 Extra"]
[Source "ChessBase"]
[SourceDate "2010.09.01"]
[SourceVersion "1"]
[SourceVersionDate "2010.09.01"]
[SourceQuality "1"]

1. e4 Nc6 2. Nf3 d5 3. exd5 Qxd5 4. Nc3 Qa5 5. Bb5 Bd7 6. a3 Nf6 7. O-O a6 8.
b4 Qb6 9. Ba4 Nd4 10. Bxd7+ Nxd7 11. Bb2 e6 12. Ne4 Qc6 13. Re1 Nf5 14. Ng3
Nxg3 15. hxg3 Qd5 16. Qe2 Qh5 17. c4 Nf6 18. d4 c6 19. Rad1 Rd8 20. Qd2 Be7 21.
Re5 Qh6 22. Qe2 O-O 23. Nh4 g6 24. Nf3 Nd7 25. Re4 Bf6 26. Nh2 Bh8 27. Rh4 Qg5
28. Ng4 h5 29. Bc1 Qe7 30. Nh6+ Kg7 31. Nf5+ gxf5 32. Qxh5 Kg8 1-0

[Event "Bogota Independence 200"]
[Site "Bogota"]
[Date "2010.07.20"]
[Round "11"]
[White "Vescovi, Giovanni P"]
[Black "Delgado Ramirez, Neuris"]
[Result "0-1"]
[WhiteElo "2632"]
[BlackElo "2575"]
[PlyCount "83"]
[EventDate "2010.07.10"]
[EventType "tourn"]
[EventRounds "11"]
[EventCountry "COL"]
[EventCategory "12"]
[SourceTitle "CBM 137 Extra"]
[Source "ChessBase"]
[SourceDate "2010.09.01"]
[SourceVersion "1"]
[SourceVersionDate "2010.09.01"]
[SourceQuality "1"]

1. e4 c5 2. Nf3 d6 3. d4 cxd4 4. Nxd4 Nf6 5. Nc3 a6 6. Bg5 Nbd7 7. Bc4 Qb6 8.
Qd2 e6 9. O-O-O Be7 10. f4 Nc5 11. Qe2 O-O 12. h4 Bd8 13. f5 Qc7 14. fxe6 Nxe6
15. Nf5 b5 16. Bb3 Nc5 17. Nxg7 Kxg7 18. e5 dxe5 19. Rhf1 Nxb3+ 20. axb3 Ng4
21. Nd5 Qc6 22. Ne7 Bxe7 23. Bxe7 Re8 24. Rd6 Qc7 25. Bf6+ Nxf6 26. Rdxf6 Be6
27. Qh5 Bxb3 28. Qh6+ Kh8 29. Rc6 Qe7 30. cxb3 Rac8 31. Qf6+ Qxf6 32. Rfxf6 Kg7
33. Kd2 Rxc6 34. Rxc6 Rd8+ 35. Ke3 Rd4 36. g3 Rb4 37. Rxa6 Rxb3+ 38. Ke4 Rxg3
39. Kxe5 Rb3 40. h5 h6 41. Ra2 Rh3 42. Ra1 0-1

[Event "Medellin IRT op 17th"]
[Site "Medellin"]
[Date "2010.08.05"]
[Round "2"]
[White "Guerrero, Juan Carlos"]
[Black "Delgado Ramirez, Neuris"]
[Result "1/2-1/2"]
[WhiteElo "2241"]
[BlackElo "2575"]
[PlyCount "103"]
[EventDate "2010.08.04"]
[EventType "swiss"]
[EventRounds "9"]
[EventCountry "COL"]
[SourceTitle "EXT 2012"]
[Source "ChessBase"]
[SourceDate "2011.11.24"]
[SourceVersion "1"]
[SourceVersionDate "2011.11.24"]
[SourceQuality "1"]

1. e4 c5 2. Nf3 d6 3. d4 cxd4 4. Nxd4 Nf6 5. Nc3 a6 6. Be3 e5 7. Nb3 Be6 8. f3
h5 9. Qd2 Nbd7 10. O-O-O Rc8 11. Kb1 b5 12. Nd5 Bxd5 13. exd5 Nb6 14. Bxb6 Qxb6
15. Bd3 g6 16. Qa5 Qxa5 17. Nxa5 Rc5 18. b4 Rxd5 19. c4 bxc4 20. Bxc4 Rxd1+ 21.
Rxd1 d5 22. Bxd5 Bxb4 23. Nc6 O-O 24. Nxb4 Rb8 25. Bb3 Rxb4 26. Rd6 Kg7 27.
Rxa6 Rb7 28. Kc2 Rc7+ 29. Kd3 Nd7 30. Ra8 Nc5+ 31. Kc4 h4 32. Kd5 Nxb3 33. axb3
Rc2 34. Ra4 g5 35. Kxe5 Rxg2 36. Kf5 f6 37. Rg4 h3 38. f4 Rf2 39. b4 Kf7 40. b5
Rxh2 41. fxg5 Rh1 42. gxf6 Rf1+ 43. Ke5 h2 44. Rg7+ Ke8 45. Rg8+ Kf7 46. Rg7+
Kf8 47. Rh7 h1=Q 48. Rxh1 Rxh1 49. Kd6 Ke8 50. b6 Rd1+ 51. Kc6 Rc1+ 52. Kd6
1/2-1/2

[Event "Medellin IRT op 17th"]
[Site "Medellin"]
[Date "2010.08.05"]
[Round "3"]
[White "Delgado Ramirez, Neuris"]
[Black "Lora, Joel Fernando"]
[Result "1-0"]
[WhiteElo "2575"]
[BlackElo "2122"]
[PlyCount "93"]
[EventDate "2010.08.04"]
[EventType "swiss"]
[EventRounds "9"]
[EventCountry "COL"]
[SourceTitle "EXT 2012"]
[Source "ChessBase"]
[SourceDate "2011.11.24"]
[SourceVersion "1"]
[SourceVersionDate "2011.11.24"]
[SourceQuality "1"]

1. e4 c6 2. Nf3 d5 3. exd5 cxd5 4. Ne5 Nf6 5. d4 e6 6. Bd3 Be7 7. O-O O-O 8. c3
Nbd7 9. Qe2 Re8 10. f4 g6 11. Nd2 Bf8 12. Ndf3 Bg7 13. Ng5 Re7 14. Bd2 Nf8 15.
Be1 Ne8 16. Ngf3 f6 17. Bh4 Qc7 18. Ng4 Rf7 19. Ne3 Nd6 20. Rac1 Qb6 21. b3 Qd8
22. c4 dxc4 23. bxc4 Bd7 24. c5 Ne8 25. Bc4 Bc6 26. Ne5 Re7 27. Nxc6 bxc6 28.
Rcd1 Kh8 29. Bb3 Rd7 30. Nc4 Qc7 31. Be1 Re7 32. Ba5 Qd7 33. Rfe1 Bh6 34. Qf3
Rf7 35. Ba4 Rc8 36. g3 Bg7 37. Bc3 Kg8 38. Na5 Qd5 39. Bxc6 Qxf3 40. Bxf3 f5
41. Nc4 g5 42. fxg5 f4 43. g4 Ng6 44. Rxe6 Nh4 45. Rxe8+ Rxe8 46. Bd5 Rd8 47.
Nd6 1-0

[Event "Medellin IRT op 17th"]
[Site "Medellin"]
[Date "2010.08.06"]
[Round "4"]
[White "Castro Rojas, Oscar Humberto"]
[Black "Delgado Ramirez, Neuris"]
[Result "1-0"]
[WhiteElo "2369"]
[BlackElo "2575"]
[PlyCount "113"]
[EventDate "2010.08.04"]
[EventType "swiss"]
[EventRounds "9"]
[EventCountry "COL"]
[SourceTitle "EXT 2012"]
[Source "ChessBase"]
[SourceDate "2011.11.24"]
[SourceVersion "1"]
[SourceVersionDate "2011.11.24"]
[SourceQuality "1"]

1. d4 Nf6 2. Nf3 e6 3. c4 Bb4+ 4. Nc3 Bxc3+ 5. bxc3 d6 6. Bg5 h6 7. Bh4 Nbd7 8.
e3 b6 9. Nd2 Bb7 10. f3 Qe7 11. Be2 g5 12. Bf2 h5 13. a4 a5 14. Rb1 h4 15. O-O
c5 16. f4 Ne4 17. Nxe4 Bxe4 18. Bf3 f5 19. Bxe4 fxe4 20. Qg4 gxf4 21. Qg6+ Kd8
22. Qxe4 Kc7 23. exf4 Rae8 24. Rfe1 Rh5 25. Rb2 Qf7 26. Qf3 Rf5 27. Re4 Rh8 28.
Rbe2 e5 29. dxe5 dxe5 30. Qg4 Rg8 31. Qh3 Rxf4 32. Rxf4 Qxf4 33. Bxh4 Qxc4 34.
Rd2 Qxa4 35. Be7 Rg7 36. Qe6 Rh7 37. Qg6 Rh8 38. h4 Kb7 39. Qg7 Rc8 40. Bf6 Rc7
41. Bd8 Qa1+ 42. Kh2 Qa4 43. g3 e4 44. Bxc7 Kxc7 45. Qe7 Qc6 46. c4 a4 47. Re2
a3 48. Qxe4 Qa4 49. Qc2 Qa8 50. Rd2 Qf3 51. Qd3 Qg4 52. Qd6+ Kd8 53. Qxb6+ Ke8
54. Qb3 Nf6 55. Qxa3 Qxc4 56. Qa8+ Kf7 57. Qa2 1-0

[Event "Medellin IRT op 17th"]
[Site "Medellin"]
[Date "2010.08.06"]
[Round "5"]
[White "Delgado Ramirez, Neuris"]
[Black "Vargas Arteaga, Alexis"]
[Result "1-0"]
[WhiteElo "2575"]
[BlackElo "2215"]
[PlyCount "115"]
[EventDate "2010.08.04"]
[EventType "swiss"]
[EventRounds "9"]
[EventCountry "COL"]
[SourceTitle "EXT 2012"]
[Source "ChessBase"]
[SourceDate "2011.11.24"]
[SourceVersion "1"]
[SourceVersionDate "2011.11.24"]
[SourceQuality "1"]

1. e4 e5 2. Nf3 Nc6 3. Bb5 a6 4. Ba4 Nf6 5. Bxc6 dxc6 6. d3 Nd7 7. Nbd2 f6 8.
Nh4 g6 9. Nc4 Bg7 10. Be3 Nb6 11. Nxb6 cxb6 12. Qd2 f5 13. Bh6 Bf6 14. Nf3 fxe4
15. dxe4 Qxd2+ 16. Bxd2 Bg4 17. Ng1 O-O-O 18. h3 Be6 19. Nf3 Rhe8 20. O-O-O Bc4
21. Rhe1 Bb5 22. Bg5 Rxd1+ 23. Kxd1 Bg7 24. Be3 Kc7 25. h4 Bc4 26. Rh1 h6 27.
Rh3 Bf7 28. Nh2 Re6 29. Rf3 Be8 30. Rg3 Bf8 31. Ng4 h5 32. Nh2 Be7 33. Bg5 Bc5
34. Be3 Be7 35. Nf3 b5 36. Bg5 Bc5 37. Ke2 a5 38. Bh6 Be7 39. Bg7 Kb6 40. Ng5
Bxg5 41. Rxg5 Bf7 42. Bxe5 c5 43. Ke3 b4 44. b3 a4 45. f4 a3 46. g4 hxg4 47.
Rxg4 c4 48. Bd4+ Ka6 49. Bc5 cxb3 50. cxb3 Ka5 51. Rg5 Rc6 52. Bd4+ Ka6 53. h5
gxh5 54. Rg7 Be8 55. Rg8 Rc8 56. f5 Bd7 57. Rxc8 Bxc8 58. Kf4 1-0

[Event "Medellin IRT op 17th"]
[Site "Medellin"]
[Date "2010.08.07"]
[Round "7"]
[White "Delgado Ramirez, Neuris"]
[Black "Ruiz Aguilar, Pablo Alexander"]
[Result "1-0"]
[WhiteElo "2575"]
[BlackElo "2265"]
[PlyCount "117"]
[EventDate "2010.08.04"]
[EventType "swiss"]
[EventRounds "9"]
[EventCountry "COL"]
[SourceTitle "EXT 2012"]
[Source "ChessBase"]
[SourceDate "2011.11.24"]
[SourceVersion "1"]
[SourceVersionDate "2011.11.24"]
[SourceQuality "1"]

1. e4 c5 2. Nf3 a6 3. Nc3 e6 4. g3 Nc6 5. Bg2 d6 6. O-O Nge7 7. d4 cxd4 8. Nxd4
Nxd4 9. Qxd4 Nc6 10. Qd2 Be7 11. b3 O-O 12. Bb2 Bd7 13. Ne2 Rc8 14. Nf4 Qc7 15.
Rfd1 Rfd8 16. c4 Be8 17. Rac1 Ne5 18. Bd4 b6 19. Nh5 f6 20. Nf4 Bf7 21. Qe3 Nd7
22. Bb2 Nf8 23. Ne2 Qb8 24. Nd4 Qc7 25. a4 Qc5 26. Qd2 Qh5 27. h3 Qg6 28. Kh2
Nd7 29. Qe3 Re8 30. f4 Qh6 31. Qf2 Bf8 32. Rc3 g6 33. Nc2 Nc5 34. Re3 e5 35.
Nb4 a5 36. Nc2 Be7 37. Na3 Be6 38. Nb5 Red8 39. Bc1 Qg7 40. f5 Bf7 41. h4 Be8
42. Bh3 Bxb5 43. axb5 Ra8 44. fxg6 hxg6 45. Ba3 Qh6 46. Kg2 Kg7 47. Rh1 Rh8 48.
Qe2 Qh5 49. Bg4 Qh7 50. Qd1 Qg8 51. h5 gxh5 52. Bxh5 Kf8 53. Ree1 a4 54. Bxc5
bxc5 55. bxa4 Qxc4 56. Be2 Qg8 57. Bc4 Rxh1 58. Bxg8 Rxe1 59. Qd5 1-0

[Event "Medellin IRT op 17th"]
[Site "Medellin"]
[Date "2010.08.08"]
[Round "8"]
[White "Gamboa, Nelson"]
[Black "Delgado Ramirez, Neuris"]
[Result "0-1"]
[WhiteElo "2378"]
[BlackElo "2575"]
[PlyCount "120"]
[EventDate "2010.08.04"]
[EventType "swiss"]
[EventRounds "9"]
[EventCountry "COL"]
[SourceTitle "EXT 2012"]
[Source "ChessBase"]
[SourceDate "2011.11.24"]
[SourceVersion "1"]
[SourceVersionDate "2011.11.24"]
[SourceQuality "1"]

1. e4 c5 2. Ne2 Nc6 3. d4 cxd4 4. Nxd4 Nf6 5. Nc3 d6 6. f4 Bd7 7. Be2 g6 8. O-O
Bg7 9. Be3 O-O 10. Nb3 a6 11. Bf3 Be6 12. Nd5 Nd7 13. Nd4 Bxd5 14. exd5 Nxd4
15. Bxd4 Rc8 16. Bxg7 Kxg7 17. Qd4+ Kg8 18. c4 Qc7 19. Bg4 f5 20. Be2 Qc5 21.
Qxc5 Nxc5 22. Rfe1 Rc7 23. Bf1 Rb8 24. Rac1 Kf7 25. Re3 Nd7 26. Rce1 Nf6 27.
Rb3 h5 28. Bd3 Nd7 29. Bf1 Nc5 30. Rc3 Ne4 31. Rce3 b5 32. cxb5 axb5 33. Rb3 b4
34. Rd1 Ra8 35. Rxb4 Rxa2 36. Bc4 Ra5 37. Bb5 Rca7 38. Be2 Ra1 39. Kf1 R7a4 40.
Rxa4 Rxa4 41. Bf3 Nc5 42. g3 Rb4 43. Rb1 Na4 44. b3 Nc5 45. Bd1 Ne4 46. Rb2 Rd4
47. Be2 Rd2 48. Rxd2 Nxd2+ 49. Kf2 Nxb3 50. h3 Nc5 51. Ke3 Ne4 52. g4 hxg4 53.
hxg4 Nf6 54. gxf5 Nxd5+ 55. Kd4 Nxf4 56. Bc4+ Kf6 57. fxg6 Kxg6 58. Ke4 d5+ 59.
Bxd5 Nxd5 60. Kxd5 Kf5 0-1

[Event "Medellin IRT op 17th"]
[Site "Medellin"]
[Date "2010.08.08"]
[Round "9"]
[White "Delgado Ramirez, Neuris"]
[Black "Barrientos Chavarriaga, Sergio E"]
[Result "1-0"]
[WhiteElo "2575"]
[BlackElo "2477"]
[PlyCount "107"]
[EventDate "2010.08.04"]
[EventType "swiss"]
[EventRounds "9"]
[EventCountry "COL"]
[SourceTitle "EXT 2012"]
[Source "ChessBase"]
[SourceDate "2011.11.24"]
[SourceVersion "1"]
[SourceVersionDate "2011.11.24"]
[SourceQuality "1"]

1. b3 d5 2. Bb2 Bg4 3. h3 Bh5 4. g4 Bg6 5. Bg2 e6 6. Nf3 Nd7 7. d3 h5 8. g5 h4
9. Nbd2 Ne7 10. c4 c5 11. Qc2 Nc6 12. cxd5 exd5 13. a3 Rc8 14. O-O d4 15. Ne4
Be7 16. Qd2 Nf8 17. Qf4 Ne6 18. Qg4 Bxe4 19. Qxe4 Bxg5 20. Nxg5 Qxg5 21. f4 Qe7
22. b4 b6 23. Kh1 Rh6 24. Rac1 Kf8 25. f5 Ng5 26. Qg4 Rc7 27. bxc5 bxc5 28. Rc2
Nh7 29. Rfc1 Nf6 30. Qg5 Nd7 31. Qf4 Rd6 32. Rg1 Nce5 33. Qf2 Nb6 34. Be4 Na4
35. Qg2 f6 36. Qf2 Nxb2 37. Rxb2 Rb6 38. Qxh4 Qf7 39. Rc2 Ke7 40. Qh8 Kd6 41.
Rgc1 Qe7 42. Qa8 Qf7 43. e3 Nd7 44. Bg2 dxe3 45. Qe4 c4 46. Qf4+ Ne5 47. d4 Rb5
48. Re1 Kd7 49. dxe5 fxe5 50. Qg4 Rb3 51. f6+ Kd6 52. fxg7 Qxg7 53. Qe4 Rd3 54.
Rxc4 1-0

[Event "Villa Martelli Pro Am op 17th"]
[Site "Villa Martelli"]
[Date "2010.10.11"]
[Round "1"]
[White "Restuccia, Francisco"]
[Black "Delgado Ramirez, Neuris"]
[Result "0-1"]
[WhiteElo "2153"]
[BlackElo "2606"]
[PlyCount "112"]
[EventDate "2010.10.10"]
[EventType "swiss"]
[EventRounds "9"]
[EventCountry "ARG"]
[SourceTitle "CBM 138 Extra"]
[Source "ChessBase"]
[SourceDate "2010.10.29"]
[SourceVersion "1"]
[SourceVersionDate "2010.10.29"]
[SourceQuality "1"]

1. e4 c5 2. c3 Qa5 3. Nf3 Nc6 4. Bd3 Nf6 5. O-O d6 6. h3 Bd7 7. Re1 Ne5 8. Nxe5
dxe5 9. Bc2 e6 10. d3 Be7 11. Nd2 Rd8 12. Qe2 Bb5 13. Nc4 Qc7 14. Rf1 Nd7 15.
b3 O-O 16. f4 Bxc4 17. bxc4 exf4 18. Bxf4 Bd6 19. Bxd6 Qxd6 20. Rad1 e5 21. Qf2
Qa6 22. Bb3 Qa5 23. Qe1 Nb8 24. Rf5 Nc6 25. Rf2 Rd6 26. Qd2 Rfd8 27. Qc2 Ne7
28. g3 Qc7 29. Kh2 a6 30. Ba4 Nc8 31. Qe2 Qa5 32. Bc2 Ne7 33. Qe1 Ng6 34. Bb1
Nf8 35. Rb2 Qc7 36. Qe2 Ne6 37. Qg4 f6 38. Rf2 Kh8 39. Qe2 b5 40. cxb5 axb5 41.
Rdf1 b4 42. c4 Ra6 43. Qg4 Qe7 44. h4 Rb8 45. Rb2 Ra3 46. Rff2 Nd4 47. Qd1 Rd8
48. Qf1 Qe6 49. Qh3 Qf7 50. Qg4 Rc3 51. Qd1 Qg6 52. Qf1 Qh6 53. Qg2 g5 54. Qh3
Rc1 55. Kg2 Rg8 56. hxg5 Rg1+ 0-1